New Zealand Olympic Medallists - Tokyo 2020 - Statistics

General Stats
  • This quiz has been taken 6 times
  • The average score is 22 of 65
Answer Stats
Medal Sport Event Name % Correct
Gold Canoeing Women's K-1 200 metres Lisa Carrington
80%
Gold Canoeing Women's K-2 500 metres Lisa Carrington
80%
Gold Canoeing Women's K-1 500 metres Lisa Carrington
80%
Bronze Athletics Women's shot put Valerie Adams
80%
Bronze Boxing Men's heavyweight David Nyika
60%
Bronze Triathlon Men's triathlon Hayden Wilde
60%
Bronze Golf Women's tournament Lydia Ko
60%
Gold Rugby sevens Women's tournament Michaella Blyde
60%
Michael Venus
60%
Portia Woodman
60%
Ruby Tui
60%
Bronze Athletics Men's shot put Tom Walsh
60%
Blair Tuke
40%
Caleb Shepherd
40%
Silver Cycling Men's omnium Campbell Stewart
40%
Bronze Tennis Men's doubles Marcus Daniell
40%
Bronze Gymnastics Men's trampoline Dylan Schmidt
40%
Silver Cycling Women's Keirin Ellesse Andrews
40%
Gold Rowing Women's single sculls Emma Twig
40%
Grace Prendergast
40%
Grace Prendergast
40%
Hamish Bond
40%
Gold Rowing Women's coxless pair Kerri Gowler
40%
Kerri Gowler
40%
Ngarohi McGarvey-Black
40%
Silver Sailing Men's 49er Peter Burling
40%
Risi Pouri-Lane
40%
Sarah Hirini
40%
Stacey Fluhler
40%
Gold Rowing Men's eight Tom Mackintosh
40%
Tyla Nathan-Wong
40%
Alena Saili
20%
Amanaki Nicole
20%
Andrew Knewstubb
20%
Beth Ross
20%
Silver Rowing Women's double sculls Brooke Donoghue
20%
Caitlin Regal
20%
Dan Williamson
20%
Dylan Collier
20%
Silver Rowing Women's eight Ella Greenslade
20%
Emma Dyke
20%
Etene Nanai-Seturo
20%
Gayle Broughton
20%
Hannah Osborne
20%
Jackie Gowler
20%
Joe Webber
20%
Kelly Brazier
20%
Kelsey Bevan
20%
Silver Rugby sevens Men's tournament Kurt Baker
20%
Lucy Spoors
20%
Matt Macdonald
20%
Michael Brake
20%
Philip Wilson
20%
Regan Ware
20%
Sam Bosworth
20%
Scott Curry
20%
Shaun Kirkham
20%
Shiray Kaka
20%
Sione Molia
20%
Tenika Willison
20%
Theresa Fitzpatrick
20%
Tim Mikkelson
20%
Tom Murray
20%
Tone Ng Shiu
20%
William Warbrick
20%
No matching quizzes found
Score Distribution
Percent of People with Each Score
Percentile by Number Answered
Your Score History
You have not taken this quiz